Detalles MARC
| 000 -LEADER |
| fixed length control field |
02018nam a2200397Ii 4500 |
| 001 - CONTROL NUMBER |
| control field |
DIG0000092 |
| 003 - CONTROL NUMBER IDENTIFIER |
| control field |
NyNyDIG |
| 006 - FIXED-LENGTH DATA ELEMENTS--ADDITIONAL MATERIAL CHARACTERISTICS |
| fixed length control field |
m o d |
| 007 - PHYSICAL DESCRIPTION FIXED FIELD--GENERAL INFORMATION |
| fixed length control field |
cr ||||||||||| |
| 008 - FIXED-LENGTH DATA ELEMENTS--GENERAL INFORMATION |
| fixed length control field |
050607s2004 sp af o 000 0 spa d |
| 020 ## - INTERNATIONAL STANDARD BOOK NUMBER |
| Canceled/invalid ISBN |
8495839873 |
| 020 ## - INTERNATIONAL STANDARD BOOK NUMBER |
| Canceled/invalid ISBN |
9788495839879 |
| 035 ## - SYSTEM CONTROL NUMBER |
| System control number |
(OCoLC)875214339 |
| 040 ## - CATALOGING SOURCE |
| Original cataloging agency |
DGITA |
| Language of cataloging |
eng |
| Description conventions |
pn |
| Transcribing agency |
DGITA |
| 043 ## - GEOGRAPHIC AREA CODE |
| Geographic area code |
e-sp--- |
| 050 14 - LIBRARY OF CONGRESS CALL NUMBER |
| Classification number |
NC1766.S7 eBook |
| 100 1# - MAIN ENTRY--PERSONAL NAME |
| Personal name |
Herguera, Isabel. |
| 245 10 - TITLE STATEMENT |
| Title |
Mamá, quiero ser artista : |
| Remainder of title |
entrevistas a mujeres del cine de animación / |
| Statement of responsibility, etc. |
Isabel Herguera y Begoña Vicario. |
| 250 ## - EDITION STATEMENT |
| Edition statement |
1. ed. |
| 264 #1 - PRODUCTION, PUBLICATION, DISTRIBUTION, MANUFACTURE, AND COPYRIGHT NOTICE |
| Place of production, publication, distribution, manufacture |
Madrid : |
| Name of producer, publisher, distributor, manufacturer |
Ocho y Medio, Libros de Cine : |
| -- |
MM La Suma de Todos : |
| -- |
Consejería de Cultura y Deportes, Comunidad de Madrid, Dirección General de Promoción Cultural, |
| Date of production, publication, distribution, manufacture, or copyright notice |
2004. |
| 300 ## - PHYSICAL DESCRIPTION |
| Extent |
1 online resource (183 pages) : |
| Other physical details |
ill. (chiefly col.) |
| 336 ## - CONTENT TYPE |
| Content type term |
text |
| Content type code |
txt |
| Source |
rdacontent |
| 337 ## - MEDIA TYPE |
| Media type term |
computer |
| Media type code |
c |
| Source |
rdamedia |
| 338 ## - CARRIER TYPE |
| Carrier type term |
online resource |
| Carrier type code |
cr |
| Source |
rdacarrier |
| 490 1# - SERIES STATEMENT |
| Series statement |
Fahrenheit 451 ; |
| Volume/sequential designation |
10 |
| 505 0# - FORMATTED CONTENTS NOTE |
| Formatted contents note |
Prólogo / Begoña Vicario e Isabel Herguera -- La primera vez: María Lorenzo y María Trénor -- Ida y vuelta, del cine de animación a la pintura: Anna Miquel -- La necesidad de contar una historia: Myriam Ballesteros -- El juego de la sinrazón: Isabel Herguera --- Un caos ordenado: Mercedes Gaspar -- Dando el salto juntos: Virginia Curia y Tomás Conde -- La laboriosa y animada hormiga: Sefa Ponsatí -- La animación en todas sus facetas: Carolina López Caballero --La piel y la arena: Begoña Vicario -- Nota de la edición. -Biofilmografías - Fotografías. |
| 650 #0 - SUBJECT ADDED ENTRY--TOPICAL TERM |
| Topical term or geographic name entry element |
Women animators |
| Geographic subdivision |
Spain |
| Form subdivision |
Interviews. |
| 655 #0 - INDEX TERM--GENRE/FORM |
| Genre/form data or focus term |
Electronic books. |
| 700 1# - ADDED ENTRY--PERSONAL NAME |
| Personal name |
Vicario, Begoña. |
| 791 2# - |
| -- |
Digitalia (Firm), |
| -- |
distributor. |
| 793 0# - |
| -- |
Digitalia eBook Collection: |
| -- |
Ocho y Medio. |
| 830 #0 - SERIES ADDED ENTRY--UNIFORM TITLE |
| Uniform title |
Fahrenheit 451 (Madrid, Spain) ; |
| Volume/sequential designation |
10. |
| 856 40 - ELECTRONIC LOCATION AND ACCESS |
| Materials specified |
Digitalia Hispánica |
| Uniform Resource Identifier |
<a href="https://www.digitaliapublishing.com/a/373/">https://www.digitaliapublishing.com/a/373/</a> |
| 910 ## - USER-OPTION DATA (OCLC) |
| User-option data |
Premium Collection: 2007-2012 |
| 942 ## - ADDED ENTRY ELEMENTS (KOHA) |
| Koha item type |
Recurso Electrónico |